Serie A players 2024/25 - Statistics

General Stats
  • This quiz has been taken 180 times
  • The average score is 211 of 599
Answer Stats
Rank Player Positions Nationality Matches Goals Assists Clubs % Correct
1 Amir Rrahmani DF 38 1 3
87%
43 Romelu Lukaku FW 36 14 10
87%
30 Aarón Martín DF, MF 36 0 8
86%
22 Mike Maignan GK 37 0 0
86%
89 Dennis Man MF, FW 33 4 4
84%
58 Khéphren Thuram MF 35 4 5
84%
131 Marcus Thuram MF, FW 31 14 4
84%
114 Nicolò Barella MF 32 3 6
84%
70 Christian Pulisic DF, MF, FW 34 11 9
83%
68 Alex Meret GK 34 0 0
81%
10 Éderson MF 37 4 1
81%
16 Giovanni Di Lorenzo DF, FW 37 3 2
81%
507 Josep Martinez GK 5 0 0
81%
154 Lautaro Martínez MF, FW 30 12 3
81%
5 Mile Svilar GK 38 0 0
81%
27 Tijjani Reijnders MF 37 10 4
81%
109 Federico Dimarco DF, MF, FW 32 4 7
80%
57 Kenan Yıldız MF, FW 35 7 4
80%
83 Rafael Leão MF, FW 34 8 8
80%
121 Yann Sommer GK 32 0 0
80%
103 Alessandro Bastoni DF 32 1 5
79%
106 Artem Dovbyk FW 32 12 2
79%
51 Boulaye Dia MF, FW 35 9 3
79%
32 Charles De Ketelaere MF, FW 36 7 7
79%
190 Denzel Dumfries DF, FW 28 7 2
79%
95 Michele Di Gregorio GK 33 0 0
79%
63 Nicolás Paz MF, FW 35 6 8
79%
50 Andre-Frank Zambo Anguissa MF 35 6 4
77%
170 Dušan Vlahović FW 29 10 4
77%
21 Matteo Politano MF, FW 37 3 4
77%
116 Pablo Marí DF 32 0 0
77%
101 Theo Hernández DF 33 4 3
77%
538 Vanja Vlahović MF, FW 3 0 0
77%
194 Hakan Çalhanoğlu MF, FW 28 5 6
76%
132 Moise Kean FW 31 17 3
76%
431 Pietro Pellegri MF, FW 11 3 0
76%
85 Scott McTominay MF, FW 34 12 4
76%
119 Stanislav Lobotka MF 32 0 1
76%
28 Vanja Milinković-Savić GK 37 0 0
76%
15 Gianluca Mancini DF, MF 37 2 0
74%
41 Mateo Retegui FW 36 25 8
74%
20 Mattéo Guendouzi MF 37 1 3
74%
6 Obite N'Dicka DF 38 0 1
74%
247 Stefan de Vrij DF 25 3 0
74%
120 Weston McKennie DF, MF, FW 32 2 4
74%
122 Ademola Lookman MF, FW 31 15 5
73%
2 Angeliño DF, FW 38 2 1
73%
71 David de Gea GK 34 0 1
73%
39 Manuel Locatelli MF 36 2 2
73%
82 Mattia Zaccagni MF, FW 34 8 6
73%
29 Zion Suzuki GK 37 0 0
73%
9 Ange-Yoan Bonny FW 37 6 4
71%
3 Federico Baschirotto DF 38 2 0
71%
241 Lorenzo Pellegrini MF 25 2 1
71%
287 Luca Pellegrini DF 22 0 4
71%
40 Marten de Roon DF, MF 36 4 4
71%
24 Remo Freuler MF 37 1 2
71%
73 Dodô DF 34 0 4
70%
148 Federico Gatti DF 30 1 0
70%
270 Francesco Acerbi DF 23 0 1
70%
13 Gabriele Zappa DF 37 2 0
70%
150 Giovanni Simeone FW 30 1 1
70%
17 Gustav Isaksen FW 37 4 2
70%
176 Matteo Darmian DF, MF 29 3 2
70%
245 Mehdi Taremi FW 25 1 2
70%
229 Piotr Zieliński MF 26 2 2
70%
161 Riccardo Orsolini MF, FW 30 15 4
70%
127 Henrikh Mkhitaryan MF, FW 31 1 4
69%
80 Marco Carnesecchi GK 34 0 0
69%
81 Mario Pašalić MF, FW 34 3 4
69%
261 Paulo Dybala MF, FW 24 6 3
69%
178 Pierre Kalulu DF 29 1 0
69%
45 Santiago Castro FW 36 8 4
69%
226 Nicolás González MF, FW 26 3 2
67%
23 Nikola Krstović FW 37 11 5
67%
87 Andrea Cambiaso DF, FW 33 2 3
66%
69 Berat Djimsiti DF 34 1 2
66%
275 Nicola Zalewski DF, MF, FW 23 1 1
66%
181 Valentín Castellanos FW 29 10 3
66%
144 Bryan Cristante DF, MF 30 4 2
64%
188 Carlos Augusto DF 28 3 2
64%
206 Davide Frattesi MF 27 5 1
64%
285 Fikayo Tomori DF 22 0 1
64%
211 Łukasz Skorupski GK 27 0 0
64%
113 Mathías Olivera DF 32 0 2
64%
510 Mattia Perin GK 5 0 0
64%
520 Rafa Marín DF 4 0 0
64%
98 Răzvan Marin MF 33 3 2
64%
133 Robin Gosens DF, MF, FW 31 5 5
64%
8 Wladimiro Falcone GK 38 0 0
64%
48 Adam Marušić DF 35 4 0
63%
104 Alessio Romagnoli DF 32 2 0
63%
268 Benjamin Pavard DF 23 0 1
63%
33 Che Adams FW 36 9 3
63%
153 Isak Hien DF 30 0 0
63%
172 Ivan Provedel GK 29 0 0
63%
94 Lorenzo Lucca FW 33 12 1
63%
212 Matìas Soulé DF, MF, FW 27 5 5
63%
115 Nicolò Fagioli MF 32 1 2
63%
100 Sebastiano Esposito MF, FW 33 8 0
63%
135 Stephan El Shaarawy DF, MF, FW 31 3 4
63%
180 Tammy Abraham FW 29 3 4
63%
202 Teun Koopmeiners DF, MF, FW 28 3 3
63%
281 Alessandro Buongiorno DF 22 1 0
61%
31 Andrea Pinamonti FW 36 10 1
61%
219 Billy Gilmour MF 26 0 1
61%
145 Dan Ndoye MF, FW 30 8 4
61%
147 Davide Zappacosta DF, MF 30 4 2
61%
477 Duván Zapata FW 7 3 0
61%
222 Giacomo Raspadori MF, FW 26 6 1
61%
491 Gleison Bremer DF 6 0 0
61%
59 Luca Ranieri DF 35 0 3
61%
112 Mario Gila DF 32 1 0
61%
65 Raoul Bellanova DF, FW 35 0 9
61%
164 Timothy Weah DF, MF, FW 30 5 2
61%
67 Youssouf Fofana MF 35 1 6
61%
125 Dany Mota MF, FW 31 5 2
60%
66 Sam Beukema DF 35 0 1
60%
84 Samuele Ricci MF 34 1 1
60%
231 Yann Aurel Bisseck DF 26 3 2
60%
140 Yerry Mina DF 31 1 0
60%
141 Zeki Çelik DF 31 0 2
60%
267 Alexis Saelemaekers DF, MF, FW 23 7 3
59%
221 Francisco Conceição MF, FW 26 3 3
59%
4 Lassana Coulibaly MF, FW 38 1 0
59%
96 Nicolò Rovella MF 33 0 3
59%
160 Pedro MF, FW 30 10 1
59%
398 Woyo Coulibaly DF 14 0 1
59%
516 Ben Lhassine Kone MF 4 0 0
57%
298 Kristjan Asllani MF 21 2 2
57%
210 Leonardo Spinazzola DF, MF, FW 27 1 1
57%
79 Manu Koné MF 34 2 1
57%
224 Matteo Gabbia DF 26 2 0
57%
189 David Neres MF, FW 28 2 4
56%
110 Jhon Lucumí DF 32 0 1
56%
351 Khvicha Kvaratskhelia MF, FW 17 5 3
56%
352 Marko Arnautović MF, FW 17 4 2
56%
25 Roberto Piccoli FW 37 10 1
56%
47 Sebastiano Luperto DF 36 1 3
56%
250 Albert Guðmundsson MF, FW 24 6 1
54%
357 Álvaro Morata FW 16 5 0
54%
107 Devis Vásquez GK 32 0 0
54%
35 Johan Vásquez DF 36 3 0
54%
37 Lorenzo Montipò GK 36 0 0
54%
396 Santiago Giménez FW 14 5 2
54%
118 Saúl Coco DF 32 2 0
54%
137 Thijs Dallinga FW 31 3 2
54%
184 Yunus Musah MF, FW 29 0 2
54%
207 Eldor Shomurodov MF, FW 27 4 4
53%
12 Gabriel Strefezza DF, MF, FW 37 6 4
53%
77 Jaka Bijol DF 34 1 0
53%
38 Lucas Da Cunha MF, FW 36 3 2
53%
442 Patric DF 10 1 0
53%
97 Patrick Cutrone FW 33 7 4
53%
578 Gianluca Scamacca FW 1 0 0
51%
129 Lazar Samardzic MF, FW 31 2 1
51%
276 Nicolò Zaniolo MF, FW 23 2 2
51%
159 Nikola Vlašić MF, FW 30 5 4
51%
74 Enrico Del Prato DF 34 4 0
50%
55 Hans Nicolussi Caviglia MF 35 4 2
50%
19 Lorenzo Colombo MF, FW 37 6 2
50%
130 Marc-Oliver Kempf DF 31 0 0
50%
329 Ruben Loftus-Cheek DF, MF, FW 19 0 0
50%
279 Sead Kolašinac DF, MF 23 0 2
50%
146 Daniel Maldini MF, FW 30 6 0
49%
283 Elia Caprile GK 22 0 0
49%
11 Emmanuel Gyasi DF, MF, FW 37 2 1
49%
238 Florian Thauvin MF, FW 25 8 3
49%
326 Joaquín Correa MF, FW 19 2 2
49%
128 Juan Miranda DF 31 0 6
49%
415 Lloyd Kelly DF 12 0 0
49%
242 Maduka Okoye GK 25 0 0
49%
288 Malick Thiaw DF 22 0 0
49%
263 Strahinja Pavlović DF 24 2 1
49%
331 Andrea Belotti FW 18 2 0
47%
237 Fabio Miretti MF, FW 25 3 3
47%
272 Juan Cuadrado DF, MF, FW 23 0 2
47%
286 Leandro Paredes MF 22 3 1
47%
111 Lucas Beltrán MF, FW 32 5 4
47%
157 Mattia Viti DF 30 1 0
47%
44 Sandi Lovrić MF 36 2 3
47%
26 Simon Sohm MF 37 4 0
47%
424 Elseid Hysaj DF 11 0 3
46%
405 Filippo Terracciano DF, MF 13 0 0
46%
14 Gaetano Oristanio MF, FW 37 3 3
46%
376 Juan Jesus DF 15 0 1
46%
93 Liberato Cacace DF, MF 33 2 4
46%
156 Matteo Ruggeri DF, MF 30 0 3
46%
532 Pietro Terracciano GK 3 0 0
46%
201 Rolando Mandragora MF 28 4 2
46%
230 Samuel Chukwueze MF, FW 26 3 2
46%
218 Antonio Sanabria MF, FW 26 2 1
44%
269 Cristiano Biraghi DF, MF 23 1 0
44%
52 Daniel Mosquera FW 35 5 1
44%
334 Davide Calabria DF 18 0 1
44%
36 Liam Henderson MF 36 0 4
44%
430 Matteo Pessina MF, FW 11 0 0
44%
46 Santiago Pierotti MF, FW 36 4 2
44%
102 Valentino Lazaro DF, MF, FW 33 0 6
44%
233 Zito Luvumbo MF, FW 26 2 2
44%
252 Andrea Colpani MF, FW 24 2 1
43%
124 Antonino Gallo DF 31 0 2
43%
220 Christian Kouamé MF, FW 26 1 1
43%
72 Diego Coppola DF 34 2 0
43%
467 Emil Audero GK 8 0 0
43%
90 Gianluca Busio MF 33 2 0
43%
490 Giorgio Scalvini DF, MF 6 0 0
43%
76 Giorgos Kyriakopoulos DF, FW 34 2 4
43%
193 Guillermo Maripán DF 28 1 1
43%
209 Jonathan Ikone MF, FW 27 2 0
43%
243 Manuel Lazzari DF 25 0 1
43%
196 Mërgim Vojvoda DF, FW 28 1 2
43%
62 Nadir Zortea DF, MF 35 6 2
43%
197 Niccolò Pisilli MF 28 2 1
43%
277 Nuno Tavares DF, MF 23 0 8
43%
162 Stefano Turati GK 30 0 0
43%
265 Warren Bondo MF 24 0 0
43%
322 Douglas Luiz MF 19 0 0
41%
152 Hassane Kamara DF, FW 30 1 4
41%
56 Jay Idzes DF, MF 35 1 0
41%
240 Koni De Winter DF 25 3 0
41%
363 Lewis Ferguson MF, FW 16 1 1
41%
327 Marin Pongračić DF 19 0 0
41%
382 Mohamed Kaba MF 15 0 0
41%
432 Rafael Tolói DF 11 0 0
41%
367 Randal Kolo Muani MF, FW 16 8 1
41%
278 Samuel Mbangula FW 23 3 3
41%
136 Tete Morente DF, MF, FW 31 3 2
41%
294 Adrian Bernabe MF 21 1 1
40%
280 Alejandro Jiménez DF, FW 22 0 1
40%
344 Charalambos Lykogiannis DF, FW 17 0 4
40%
255 Danilo Cataldi MF 24 3 0
40%
313 Joel Pohjanpalo MF, FW 20 6 0
40%
195 Karol Linetty MF 28 1 0
40%
199 Ondrej Duda MF, FW 28 1 3
40%
417 Pepe Reina GK 12 0 0
40%
105 Amin Sarr MF, FW 32 4 1
39%
203 Ante Rebić MF, FW 27 1 0
39%
452 Christos Mandas GK 9 0 0
39%
333 Cyril Ngonge MF, FW 18 0 0
39%
403 Danilo Veiga DF 13 0 0
39%
208 Grigoris Kastanos DF, MF, FW 27 1 1
39%
151 Gvidas Gineitis MF 30 3 1
39%
472 Mario Hermoso DF 8 0 0
39%
177 Nicola Leali GK 29 0 0
39%
407 Renato Veiga DF, MF 13 0 1
39%
262 Riccardo Sottil DF, MF, FW 24 1 1
39%
264 Thomas Kristensen DF 24 1 0
39%
7 Tommaso Augello DF 38 0 7
39%
401 Anastasios Douvikas FW 13 2 2
37%
371 Assane Diao MF, FW 15 8 1
37%
358 Christian Kabasele DF 16 2 0
37%
409 Danilo DF, MF 12 0 1
37%
423 Edoardo Bove DF, MF, FW 11 1 2
37%
404 Elif Elmas MF, FW 13 4 0
37%
53 Emanuele Valeri DF 35 2 6
37%
296 Emil Holm DF 21 1 1
37%
236 Fabiano Parisi DF, MF 25 2 0
37%
410 Federico Ravaglia GK 12 0 0
37%
438 Francesco Camarda MF, FW 10 0 0
37%
54 Giuseppe Pezzella DF, MF, FW 35 0 3
37%
374 Ionuț Radu GK 15 0 0
37%
325 Jean Butez GK 19 0 0
37%
78 Jurgen Ekkelenkamp MF, FW 34 3 2
37%
223 Leonardo Pavoletti MF, FW 26 2 0
37%
338 Lorenzo De Silvestri DF, MF 18 1 0
37%
155 Mandela Keita MF 30 0 2
37%
406 Mateo Pellegrino FW 13 3 1
37%
213 Matteo Cancellieri DF, MF, FW 27 3 0
37%
393 Michel Aebischer MF, FW 14 0 0
37%
61 Morten Frendrup DF, MF 35 2 0
37%
158 Morten Thorsby MF, FW 30 0 1
37%
198 Nicolò Savona DF 28 2 1
37%
534 Rui Patrício GK 3 0 0
37%
330 Stefan Posch DF 19 0 0
37%
163 Tijjani Noslin MF, FW 30 2 2
37%
248 Vitinha MF, FW 25 2 3
37%
142 Armando Izzo DF 30 1 1
36%
253 Benjamín Domínguez FW 24 3 2
36%
171 Iker Bravo MF, FW 29 2 1
36%
34 Jackson Tchatchoua DF, MF 36 2 3
36%
340 Maxence Caqueret MF 18 2 3
36%
60 Michel Ndary Adopo DF, MF 35 1 1
36%
383 Noah Okafor MF, FW 15 1 0
36%
343 Odilon Kossounou DF 18 0 0
36%
64 Pedro Pereira DF, FW 35 1 3
36%
117 Pietro Comuzzo DF, FW 32 1 0
36%
397 Simone Scuffet GK 14 0 0
36%
139 Tommaso Baldanzi MF, FW 31 1 1
36%
183 Ylber Ramadani MF 29 1 1
36%
400 Alexis Sánchez MF, FW 13 0 0
34%
108 Edoardo Goldaniga DF 32 1 0
34%
324 Ivan Ilić MF 19 1 0
34%
273 Keinan Davis MF, FW 23 2 1
34%
362 Kike Pérez MF, FW 16 1 0
34%
92 Kingsley Ehizibue DF, MF, FW 33 0 1
34%
260 Loum Tchaouna MF, FW 24 1 0
34%
380 Luka Jović MF, FW 15 2 0
34%
551 Nehuén Pérez DF 2 0 0
34%
228 Paweł Dawidowicz DF, MF 26 0 0
34%
443 Philip Billing MF, FW 10 1 0
34%
134 Sebastian Walukiewicz DF 31 0 0
34%
166 Ardian Ismajli DF 29 0 0
33%
205 Darko Lazović DF, MF, FW 27 2 3
33%
149 Giovanni Fabbian MF, FW 30 3 1
33%
348 Giovanni Leoni DF 17 1 0
33%
173 Jens Odgaard MF, FW 29 6 1
33%
271 Jordan Zemura DF 23 1 2
33%
174 Marco Brescianini MF 29 4 2
33%
225 Máximo Perrone MF 26 0 3
33%
301 Patrick Dorgu DF, MF, FW 21 3 1
33%
483 Pierluigi Gollini GK 7 0 0
33%
99 Saba Goglichidze DF 33 0 1
33%
138 Tomáš Suslov MF, FW 31 0 1
33%
266 Alberto Dossena DF 23 0 2
31%
251 Alberto Moreno DF, MF 24 0 0
31%
49 Alessandro Bianco MF 35 1 0
31%
192 Gianluca Gaetano MF, FW 28 2 4
31%
378 Lameck Banda MF, FW 15 0 1
31%
550 Marco Sportiello GK 2 0 0
31%
315 Matías Vecino MF, FW 20 2 3
31%
392 Mats Hummels DF 14 0 0
31%
318 Michael Folorunsho MF, FW 20 0 0
31%
214 Milan Đurić FW 27 5 1
31%
354 Nicolò Casale DF 17 0 1
31%
328 Oumar Solet DF 19 1 2
31%
302 Samuele Birindelli DF, MF 21 3 0
31%
304 Tommaso Pobega MF 21 2 2
31%
249 Yacine Adli MF, FW 25 4 6
31%
446 Alberto costa DF 9 0 1
30%
487 Alessandro Circati DF 6 0 0
30%
402 Andrea Petagna FW 13 0 0
30%
372 Cesare Casadei MF, FW 15 1 1
30%
169 Dailon Livramento MF, FW 29 1 1
30%
345 Emerson DF, MF 17 0 0
30%
546 Enzo Ebosse DF 2 0 0
30%
297 Gaetano Castrovilli MF, FW 21 0 0
30%
454 Ibrahim Sulemana MF 9 2 0
30%
427 Kyle Walker DF, MF 11 0 0
30%
314 Lautaro Valenti DF 20 1 0
30%
519 Matias Moreno DF 4 0 0
30%
316 Mattia Bani DF 20 0 0
30%
418 Razvan Sava GK 12 0 0
30%
475 Roberto Gagliardini DF, MF 8 0 0
30%
408 Sergi Roberto DF, MF 13 0 1
30%
420 Stefano Sensi MF, FW 12 1 0
30%
305 Valentin Mihaila MF, FW 21 0 3
30%
165 Alessandro Deiola MF 29 2 1
29%
123 Alessandro Zanoli DF, FW 31 1 0
29%
369 Álex Valle DF 15 0 0
29%
388 Devyne Rensch DF 14 0 1
29%
311 Jacopo Fazzini MF 20 4 1
29%
18 Jesper Karlström MF 37 0 3
29%
375 João Félix MF, FW 15 2 0
29%
480 Juan David Cabal DF 7 0 0
29%
384 Samuel Gigot DF 15 2 0
29%
292 Youssef Maleh MF 22 0 1
29%
185 Adam Masina DF 28 1 2
27%
216 Amir Richardson MF 26 1 1
27%
88 Antoine Makoumbou MF 33 0 3
27%
332 Caleb Ekuban MF, FW 18 1 3
27%
309 Fisayo Dele-Bashiru MF, FW 20 3 1
27%
493 Ismaël Bennacer MF 6 0 0
27%
425 Keita Baldé MF, FW 11 2 0
27%
353 Medon Berisha MF, FW 17 0 1
27%
342 Nicolò Cambiaghi MF, FW 18 1 3
27%
289 Nikola Moro MF 22 0 2
27%
319 Pasquale Mazzocchi DF, FW 20 0 0
27%
246 Ridgeciano Haps DF, MF, FW 25 1 1
27%
501 Tajon Buchanan DF, MF, FW 6 0 0
27%
186 Alberto Grassi DF, MF 28 1 0
26%
564 Alessandro Florenzi DF, FW 1 0 0
26%
204 Arthur Atta MF, FW 27 0 1
26%
437 Daniel Fila FW 10 2 0
26%
191 Domagoj Bradarić DF 28 1 0
26%
360 Filip Stankovic GK 16 0 0
26%
75 Gianluca Caprari MF, FW 34 3 2
26%
310 Ignace Van Der Brempt DF 20 0 1
26%
469 Jesse Joronen GK 8 0 0
26%
91 John Yeboah MF, FW 33 1 1
26%
339 Luca Marianucci DF 18 0 0
26%
200 Reda Belahyane MF 28 0 2
26%
182 Yann Karamoh MF, FW 29 0 1
26%
307 Alessio Zerbin DF, FW 20 1 1
24%
308 Danilo D'Ambrosio DF 20 0 1
24%
337 José Luis Palomino DF 18 1 0
24%
581 Juan Musso GK 1 0 0
24%
390 Luca Caldirola DF 14 0 0
24%
459 Marco Palestra DF 9 0 0
24%
175 Marcus Pedersen DF 29 0 0
24%
365 Mattia De Sciglio DF, MF 16 1 0
24%
42 Mikael Ellertsson DF, MF 36 2 2
24%
274 Milan Badelj MF 23 1 0
24%
290 Oier Zarraga MF 22 1 0
24%
419 Souleymane Touré DF 12 1 0
24%
86 Stefano Sabelli DF 34 0 2
24%
291 Suat Serdar MF, FW 22 2 1
24%
187 Alieu Fadera DF, FW 28 1 3
23%
217 Andrea Carboni DF 26 0 1
23%
235 Casper Tengstedt FW 25 6 1
23%
518 Davide Bartesaghi DF, MF 4 0 0
23%
468 Franco Carboni DF, FW 8 0 0
23%
126 Frederic Guilbert DF, MF 31 0 1
23%
312 Jesper Karlsson MF, FW 20 2 0
23%
471 Lucas Martínez Quarta DF 8 1 0
23%
300 Patrick Ciurria DF, MF 21 1 1
23%
179 Pontus Almqvist MF, FW 29 1 1
23%
557 Sofyan Amrabat DF, MF 2 0 0
23%
558 Tiago Gabriel DF 2 0 0
23%
444 Tomás Palacios DF 10 0 0
23%
306 Adrien Tameze DF, MF 20 0 0
21%
168 Christian Gytkjær MF, FW 29 2 1
21%
254 Daniele Ghilardi DF 24 0 0
21%
295 Drissa Camara MF, FW 21 0 0
21%
284 Faustino Anjorin MF 22 2 3
21%
239 Hernani MF, FW 25 3 3
21%
389 Jean-Daniel Akpa-Akpro DF, MF, FW 14 0 0
21%
508 Marco Silvestri GK 5 0 0
21%
215 Nicolas Viola MF, FW 27 3 1
21%
299 Ola Solbakken MF, FW 21 0 0
21%
435 Alessandro Marcandalli DF 10 0 0
20%
356 Alfred Duncan MF 16 0 0
20%
387 Brooke Norton-Cuffy DF, FW 14 0 0
20%
349 Junior Messias DF, MF, FW 17 1 1
20%
498 Mario Balotelli FW 6 0 0
20%
244 Martín Payero MF 25 1 1
20%
416 Matteo Prati MF 12 0 0
20%
461 Ruslan Malinovskyi MF, FW 9 0 2
20%
293 Adam Obert DF, MF 21 1 1
19%
346 Fali Candé DF 17 1 1
19%
256 Francesco Zampano DF, MF 24 1 2
19%
336 Hamza Rafia MF 18 0 0
19%
377 Kacper Urbanski MF, FW 15 1 0
19%
473 Martin Erlic DF 8 0 0
19%
317 Mattia Felici MF, FW 20 0 3
19%
227 Patrizio Masini MF 26 1 0
19%
484 Samuel Iling-Junior DF, MF, FW 7 1 0
19%
462 Semuel Pizzignacco GK 9 0 0
19%
321 Borna Sosa DF, MF, FW 19 0 0
17%
465 Davide Faraoni DF, MF 8 0 0
17%
577 Francesco Caputo FW 1 0 0
17%
258 Jeff Ekhator MF, FW 24 1 1
17%
259 Kialonda DF 24 0 1
17%
559 Valentin Gendrey DF 2 0 0
17%
502 Vasilije Adžić MF, FW 6 0 0
17%
489 Enzo Le Fée MF, FW 6 0 0
16%
347 Giangiacomo Magnani DF 17 1 0
16%
455 Ivan Smolčić DF 9 0 0
16%
506 Jonas Rouhi DF 5 0 0
16%
458 Kevin Zeroli MF 9 0 1
16%
433 Remi Oudin MF, FW 11 0 0
16%
303 Þórir Jóhann Helgason MF 21 0 4
16%
368 Alessandro Gabrielloni MF, FW 15 1 1
14%
167 Botond Balogh DF 29 0 1
14%
451 Cher Ndour DF, MF 9 0 0
14%
411 Gianluca Lapadula FW 12 0 0
14%
414 Jacob Ondrejka MF, FW 12 5 0
14%
440 Marco Sala DF 10 0 0
14%
366 Michael Svoboda DF 16 1 0
14%
341 Mirko Marić MF, FW 18 0 0
14%
513 Nicola Sansone MF, FW 5 0 0
14%
524 Victor Nelsson DF 4 0 0
14%
598 Walid Cheddira FW 1 0 0
14%
282 Alessandro Vogliacco DF 22 2 0
13%
385 Antoine Bernede MF 14 1 0
13%
522 Saud Abdulhamid DF 4 0 1
13%
566 Antonín Barák MF, FW 1 0 0
11%
143 Balthazar Pierret MF 30 0 0
11%
572 Dele Alli MF, FW 1 0 0
11%
429 Martin Frese DF 11 0 0
11%
570 Daniele Padelli GK 1 0 0
10%
576 Filip Marchwiński MF 1 0 0
10%
335 Flavius Daniliuc DF 18 0 0
10%
428 Luca Mazzitelli DF, MF 11 1 1
10%
589 Mattia Liberali MF 1 0 0
10%
590 Mitchel Bakker DF, MF, FW 1 0 0
10%
394 Nahuel Estévez MF 14 0 0
10%
395 Nicolás Valentini DF 14 0 0
10%
464 Simone Verdi MF, FW 9 0 0
10%
434 Abdou Harroui MF, FW 10 1 2
9%
504 Alberto Cerri FW 5 0 0
9%
563 Alberto Paleari GK 1 0 0
9%
234 Antoine Hainaut DF, FW 25 2 0
9%
386 Antonio Candela DF 14 0 1
9%
453 Florinel Coman MF, FW 9 1 0
9%
323 Gaby Jean DF 19 0 0
9%
492 Honest Ahanor DF, MF 6 0 0
9%
496 Lorenzo Venturino MF, FW 6 2 0
9%
512 Michael Kayode DF, FW 5 0 0
9%
441 Nicolas Haas MF 10 0 0
9%
595 Saba Sazonov DF 1 0 0
9%
503 Viktor Kovalenko MF 6 0 0
9%
525 Anass Salah-Eddine DF, MF 3 0 1
7%
568 Ben Godfrey DF 1 0 0
7%
448 Bjarki Bjarkason DF, MF 9 0 0
7%
450 Cheick Oumar Conde MF 9 0 0
7%
548 Gastón Pereiro MF, FW 2 0 0
7%
257 Issa Doumbia MF 24 0 0
7%
379 Lautaro Gianetti DF 15 1 0
7%
582 Leandro Chichizola GK 1 0 0
7%
585 Luka Topalović MF 1 0 0
7%
364 Marin Šverko DF, MF 16 1 0
7%
554 Oussama El Azzouzi MF 2 0 0
7%
463 Simone Pafundi DF, MF, FW 9 0 0
7%
515 Szymon Żurkowski MF 5 0 0
7%
523 Tyronne Ebuehi DF 4 0 0
7%
232 Yannik Engelhardt DF, MF 26 1 1
7%
539 Yordan Osorio DF 3 0 0
7%
399 Alan Matturro DF 13 0 0
6%
476 Alen Sherri GK 7 0 0
6%
449 Brenner MF, FW 9 1 2
6%
421 Cheikh Tidiane Niasse MF, FW 11 0 0
6%
573 Diego Pugno FW 1 0 0
6%
373 Emmanuel Ekong MF, FW 15 0 0
6%
478 Federico Barba DF 7 0 0
6%
529 Filippo Melegoni DF, MF, FW 3 0 1
6%
413 Ismael Konate MF, FW 12 0 1
6%
497 Lucas Gourna-Douath MF 6 0 0
6%
499 Mathias Løvik DF, FW 6 0 0
6%
500 Paulo Azzi DF, MF 6 0 0
6%
594 Petar Stojanović DF 1 0 0
6%
555 Samuel Dahl DF, MF 2 0 0
6%
436 Alessio Iovine DF, FW 10 0 0
4%
370 Ali Dembélé DF 15 1 0
4%
542 Alphadjo Cissè MF, FW 2 0 0
4%
412 Giorgio Altare DF 12 0 0
4%
580 Jacopo Seghetti GK 1 0 0
4%
456 Jean Onana DF, MF 9 0 0
4%
495 Kingstone Mutandwa MF, FW 6 0 0
4%
474 Matthias Braunöder MF 8 0 0
4%
511 Mattia Valoti MF, FW 5 0 0
4%
482 Maxwel Cornet DF, MF, FW 7 2 1
4%
460 Omari Forson MF, FW 9 0 0
4%
320 Rui Modesto DF, MF 20 0 1
4%
355 Samuele Vignato MF, FW 17 0 0
4%
556 Simone Perilli GK 2 0 0
4%
445 Adrian Benedyczak MF, FW 9 0 0
3%
541 Ali Jasim DF, MF, FW 2 0 0
3%
565 Andrea Mazza GK 1 0 0
3%
447 Antonio Raimondo DF, FW 9 0 0
3%
543 Benjamin Siegrist GK 2 0 0
3%
545 Daniele Baselli MF 2 0 0
3%
466 Domen Črnigoj MF 8 0 0
3%
527 Emil Bohinen MF 3 0 0
3%
359 Eybi Nije MF, FW 16 1 0
3%
439 Gabriel Charpentier FW 10 1 2
3%
350 Junior Sambia DF, MF, FW 17 0 0
3%
531 Kevin Bonifazi DF 3 0 0
3%
457 Kevin Martins DF, MF 9 0 1
3%
391 Magnus Kofod Andersen MF 14 1 1
3%
509 Mateusz Wieteska DF 5 0 0
3%
381 Mohamed Haj MF 15 1 2
3%
486 Stefan Lekovic DF 7 0 0
3%
562 Alberto Manzoni MF 1 0 0
1%
526 Andy Pelmard DF 3 0 0
1%
567 Arijon Ibrahimović DF, MF, FW 1 0 0
1%
488 Arvid Brorsson DF 6 0 0
1%
544 Damián Pizarro MF, FW 2 0 0
1%
517 David Akpan Ankeye MF, FW 4 0 0
1%
547 Federico Cassa MF, FW 2 0 0
1%
530 Jacopo Bacci MF 3 0 0
1%
426 Konan N'dri MF, FW 11 0 0
1%
470 Lior Kasa MF, FW 8 0 0
1%
583 Lorenzo Anghelè FW 1 0 0
1%
584 Lorenzo Tosto DF 1 0 0
1%
586 Maat Daniel Caprini FW 1 0 0
1%
587 Mateusz Kowalski MF 1 0 0
1%
481 Mathis Lambourde MF, FW 7 1 0
1%
588 Matteo Palma DF 1 0 0
1%
591 Nicola Pintus DF 1 0 0
1%
593 Oliver Abildgaard MF 1 0 0
1%
553 Oliver Nielsen DF 2 0 0
1%
535 Saad El Haddad MF 3 0 0
1%
536 Sebastian Otoa DF 3 0 0
1%
560 Wylan Cyprien MF 2 0 0
1%
599 Yllan Okou DF 1 0 0
1%
561 Aaron Ciammaglichella MF 1 0 0
0%
540 Alessio Cacciamani DF, MF 2 0 0
0%
569 Bob Murphy Omoregbe MF 1 0 0
0%
422 Daniel Bandeira MF 11 0 0
0%
571 Daniele Sommariva GK 1 0 0
0%
505 Daniel Oyegoke DF 5 0 0
0%
574 Estanis FW 1 0 0
0%
528 Faride Alidou DF, MF, FW 3 0 0
0%
575 Federico Accornero MF 1 0 0
0%
479 Fellipe Jack DF 7 0 0
0%
579 Giuseppe Ciocci GK 1 0 0
0%
494 James Abankwah DF, MF 6 0 0
0%
361 Joël Schingtienne DF 16 0 0
0%
549 Junior Ajayi FW 2 0 0
0%
552 Nicholas Pierini MF, FW 2 0 0
0%
592 Nunzio Lella MF 1 0 0
0%
521 Rareș-Cătălin Burnete FW 4 0 0
0%
533 Richie Sagrado DF 3 0 0
0%
514 Sergiu Perciun MF, FW 5 0 0
0%
485 Silvère Ganvoula M'Boussy MF, FW 7 0 0
0%
537 Thomas Campaniello FW 3 0 0
0%
596 Tommaso Gabellini FW 1 0 0
0%
597 Tommaso Rubino MF 1 0 0
0%
No matching quizzes found
Score Distribution
Percent of People with Each Score
Percentile by Number Answered
Your Score History
You have not taken this quiz